Lenguaje publicitario : (Record no. 91065)

MARC details
000 -CABECERA
campo de control de longitud fija 00633nam a2200205 a 4500
005 - FECHA Y HORA DE LA ÚLTIMA TRANSACCIÓN
campo de control 20221020063417.0
008 - ELEMENTOS DE LONGITUD FIJA--INFORMACIÓN GENERAL
campo de control de longitud fija 020828s1997 mx r 000 0 spa d
020 ## - NÚMERO INTERNACIONAL NORMALIZADO PARA LIBROS
Número Internacional Estándar del Libro 8477384967
035 ## - NÚMERO DE CONTROL DEL SISTEMA
Número de control de sistema UPN01000118699
049 ## - COLECCIÓN
Colección CG
050 #4 - SIGNATURA TOPOGRÁFICA DE LA BIBLIOTECA DEL CONGRESO
Número de clasificación HF5827
Número de documento/Ítem B4.4
100 1# - ASIENTO PRINCIPAL--NOMBRE PERSONAL
Nombre de persona Benavides Delgado, Juan
245 10 - MENCIÓN DE TÍTULO
Título Lenguaje publicitario :
Resto del título hacia un estudio del lenguaje en los medios /
Mención de responsabilidad, etc. Juan Benavides Delgado.
260 ## - PUBLICACIÓN, DISTRIBUCIÓN, ETC.
Lugar de publicación, distribución, etc. Madrid :
Nombre del editor, distribuidor, etc. Síntesis,
Fecha de publicación, distribución, etc. 1997.
300 ## - DESCRIPCIÓN FÍSICA
Extensión 365 p. :
Otras características físicas il.
440 #0 - MENCIÓN DE SERIE/ASIENTO SECUNDARIO--TÍTULO
Título Ciencias de la información ;
Designación de volumen o secuencia 2.
Nombre de parte o sección de la obra Publicidad y relaciones públicas
650 #2 - ASIENTO SECUNDARIO DE MATERIA - TERMINO TEMATICO
Término de materia o nombre geográfico como elemento de entrada Publicidad
9 (RLIN) 5809
902 ## - ELEMENTOS DE DATOS B LOCAL, LDB (RLIN)
Creó BDV/cav
905 ## - TIPO DE MATERIAL
Tipo de material Libro
Holdings
Estado de retiro Estado de pérdida Fuente del sistema de clasificación o colocación Estado dañado No para préstamo Código de colección Localización permanente Ubicación/localización actual Ubicación en estantería Total de préstamos Clasificación Código de barras Fecha visto por última vez Número de copia Tipo de ítem Koha
    Library of Congress Classification     Colección General Bib. Gregorio Torres Quintero Bib. Gregorio Torres Quintero Planta baja 9 HF5827 B4.4 195290 31/12/2020 1 Libro